Piłkarze z największą ilością meczów z Cristiano Ronaldo - Statystyki

Ogólne statystyki
  • Ten quiz został rozwiązany 65 razy
  • Średni wynik to 6 z 10
Statystyki odpowiedzi
Liczba meczów Piłkarz % Poprawnych
342 Karim Benzema
95%
222 Luka Modrić
90%
339 Sergio Ramos
90%
348 Pepe
82%
332 Marcelo
78%
228 Iker Casillas
73%
231 Raphaël Varane
53%
208 Xabi Alonso
30%
221 Rio Ferdinand
17%
215 John O'Shea
0%
Nie znaleziono quizów pasujących do podanych kryteriów
Rozkład punktacji
Procent ludzi z każdym wynikiem
Percentyl według liczby udzielonych odpowiedzi
Twoja historia wyników
Nie rozwiązałeś tego quizu